000 00410nam a2200133Ia 4500
005 20260328101458.0
008 260328s9999||||xx |||||||||||||| ||und||
100 _aRogers, Karen
245 0 _aPlanos y Dibujos - Archivo del Ministerio de Obras Públicas y Transporte (1905-1960) /
_cKaren Rogers
260 _bSociedad Colombiana de Arquitectos
300 _a84 p.
650 _aARQUITECTURA CIVIL
942 _cBK
999 _c8883
_d8883